| 000 | 01621nam a2200361 i 4500 | ||
|---|---|---|---|
| 003 | EG-ScBUE | ||
| 005 | 20240226094639.0 | ||
| 008 | 101123s2007 enkb f b 001 0 mul d | ||
| 020 | _a0954903412 | ||
| 040 |
_aEG-ScBUE _bara _erda _cEG-ScBUE _dEG-ScBUE |
||
| 041 | 0 |
_aara _aeng _aheb |
|
| 043 |
_aawba--- _aawgz--- |
||
| 082 | 0 | 4 |
_a912.5694 _bأ ب و _222 |
| 100 | 1 |
_aأبو سته، سلمان، _eمؤلف. _921264 |
|
| 245 | 1 | 0 |
_aطريق العودة : _bدليل المدن والقرى المهجرة والحالية والأماكن المقدسة في فلسطين / _cسلمان أبو سته. |
| 246 | 3 | 5 |
_aReturn journey : _ba guide to the depopulated and present palestinian towns and villages and holy sites |
| 250 | _aالطبعة الأولى. | ||
| 264 | 1 |
_aلندن : _bهيئة أرض فلسطين، _c2007. |
|
| 300 |
_a247 صفحة : _bخرائط (ملونة) ؛ _c32 سم |
||
| 336 |
_2rdacontent _aنص _btxt |
||
| 337 |
_aبدون وسيط _2rdamedia _bn |
||
| 338 |
_aمجلد _bnc _2rdacarrier |
||
| 504 | _aيشتمل على إرجاعات ببليوجرافية وكشافات. | ||
| 546 | _aالنص باللغة العربية والإنجليزية والعبرية. | ||
| 650 | 7 |
_aالأماكن المقدسة _zفلسطين _vخرائط. _2BUEsh |
|
| 650 | 7 |
_aالمدن والقرى _zفلسطين _vخرائط. _2BUEsh |
|
| 650 | 7 |
_aالأماكن المقدسة _zفلسطين _vأدلة. _2BUEsh |
|
| 650 | 7 |
_aالمدن والقرى _zفلسطين _vأدلة. _2BUEsh |
|
| 651 | _2BUEsh | ||
| 653 |
_bGGEN _bBUSBOL _cSeptember2017 |
||
| 655 | _vReading book | ||
| 942 |
_cNB _2ddc |
||
| 999 |
_c8182 _d8182 |
||